[Event "EIWCC 2018"]
[Site "Vysoke Tatry"]
[Date "2018.04.11"]
[Round "4"]
[White "Muzychuk, Mariya"]
[Black "Zimina, Olga"]
[Result "1-0"]
[WhiteElo "2540"]
[BlackElo "2414"]
[Annotator "TA"]
[PlyCount "87"]
[EventDate "2018.??.??"]
[EventType "swiss"]
[EventCountry "SVK"]
[SourceTitle "playchess.com"]
[Source "ChessBase"]
[SourceQuality "1"]

{[%evp 19,87,-19,0,0,0,-4,-4,-8,0,0,0,0,18,-13,-13,-14,-12,-13,0,-54,-42,-35,-46,-46,-39,-37,-39,-40,-40,-30,-44,-68,-3,-16,-10,-77,-20,-17,-13,-29,475,475,475,463,460,446,368,366,358,341,738,577,12834,12835,12835,12835,12836,12836,29978,29979,29976,12836,29980,29981,29986,29987,29987,29986,29983,29984]} 1. d4 d5 {[%cal Bd7d5,Bd5c4][%mdl 32]} 2. c4 c6 3. Nc3 dxc4 4. e4 b5 5. a4 b4 6. Na2 Nf6 7. e5 Nd5 8. Bxc4 e6 9. Nf3 a5 {D10: Slav Defence: 3 cxd5 (without early Nf3) and 3 Nc3} 10. Bd2 Ba6 {LiveBook: 4 Games} 11. Bxa6 $146 ({Predecessor:} 11. Qe2 Bxc4 12. Qxc4 Nb6 13. Qc2 Qd5 14. Nc1 N8d7 15. Nd3 c5 16. Nf4 Qb7 17. dxc5 Nxc5 {0-1 (40) Korobov,A (2670)-Grigoryan,A (2595) Moscow 2011}) 11... Nxa6 {The position is equal.} 12. Nc1 c5 13. Qe2 cxd4 14. Nb3 Qd7 15. Nfxd4 Bc5 16. Qg4 O-O 17. O-O Rfc8 18. Nb5 Bf8 19. N3d4 (19. Nxa5 $11 Nac7 20. Nc4) 19... Nac7 $15 20. Rfd1 Nxb5 21. Nxb5 Rc2 22. Nd4 Rc4 ({Not} 22... Rxb2 23. Bc1 $16) 23. b3 Rc5 24. Nb5 Rac8 25. h4 Kh8 ({Black should try} 25... Qb7 $15) 26. h5 h6 27. Bf4 (27. Qf3 $11 {keeps the balance.}) 27... Rc2 (27... Qb7 $17) 28. Rd3 $11 Bc5 29. Rf1 Qe7 $2 {[%mdl 8192] [#]} (29... Qe8 $11) 30. Rxd5 $1 $18 {[%mdl 512]} Bxf2+ (30... exd5 31. Qxc8+) 31. Rxf2 exd5 32. Nd4 R2c3 33. Nf5 {[%csl Gf5][%cal Rg4g7]} Qf8 34. Nd6 R8c6 $2 {[#]} (34... R8c7 35. Qd1 d4 36. Qxd4 Rxb3) 35. Bxh6 $1 {[%mdl 512]} Rxd6 (35... gxh6 36. Nxf7+) 36. exd6 {[%cal Be5d6,Bd6d7][%mdl 32]} gxh6 {[%mdl 4096] Endgame KQR-KQR} 37. Qd4+ Kg8 38. Qxd5 Rc1+ 39. Kh2 Rc8 40. d7 {White wants to mate with Qxf7+!} Rd8 41. Re2 {White mates.} Kh7 42. Qc6 f6 43. Re8 Qf7 44. Qc2+ {Precision: White = 72%, Black = 35%.} 1-0

[Event "EIWCC 2018"]
[Site "Vysoke Tatry"]
[Date "2018.04.11"]
[Round "4"]
[White "Dzagnidze, Nana"]
[Black "Cornette, Deimante"]
[Result "1-0"]
[WhiteElo "2507"]
[BlackElo "2467"]
[Annotator "TA"]
[PlyCount "93"]
[EventDate "2018.??.??"]
[EventType "swiss"]
[EventCountry "SVK"]
[SourceTitle "playchess.com"]
[Source "ChessBase"]
[SourceQuality "1"]

{[%evp 19,93,32,33,39,35,39,26,28,44,51,47,54,42,33,52,56,60,42,69,52,46,42,55,56,58,47,58,55,56,50,47,31,101,101,101,101,101,99,101,101,101,101,98,65,92,67,103,100,145,125,139,137,220,220,220,220,304,339,320,288,409,431,400,402,372,297,4775,4775,4775,4775,4775,4775,29986,29987,29987,4812]} 1. d4 Nf6 2. c4 e6 3. Nc3 Bb4 4. e3 d5 5. a3 Bxc3+ 6. bxc3 c6 {E40: Nimzo-Indian: Rubinstein (4 e3): Unusual Black 4th moves} (6... O-O 7. Bd3 c6 8. Ne2 b6 9. O-O Ba6 10. cxd5 cxd5 11. Bxa6 Nxa6 12. Qd3 Qc8 13. f3 Nb8 14. e4 Qa6 15. Qe3 Nc6 {1-0 (52) Radjabov,T (2741)-Movsesian,S (2671) Heraklio 2017}) 7. a4 O-O 8. Nf3 b6 9. Ba3 Re8 10. cxd5 cxd5 {LiveBook: 7 Games} 11. Bb5 Bd7 12. Bd3 Nc6 13. O-O e5 14. dxe5 Nxe5 15. Nxe5 Rxe5 {[#]} 16. Bb2 $146 Re8 17. c4 dxc4 18. Bxc4 Be6 19. Bb5 Qxd1 20. Rfxd1 {[#] Strongly threatening Bxf6.} Red8 21. Bd4 Nd7 22. Rdc1 Rac8 23. Rxc8 Rxc8 24. a5 bxa5 25. f3 Nb6 (25... Nc5 $14) 26. Rxa5 $16 Rc1+ 27. Kf2 Rc2+ 28. Kg3 Ra2 29. Rxa2 Bxa2 {[%mdl 4096] Endgame KBB-KBN} 30. e4 f6 31. f4 {[%cal Bf3f4,Bf4f5][%mdl 32]} Kf7 32. Kf3 Ke6 33. g4 {[%cal Bg2g4,Bg4g5][%mdl 32]} Bb3 34. h4 Bd1+ 35. Kg3 Nc8 (35... Bc2 $16 {was necessary.}) 36. f5+ $18 Kf7 37. Bc4+ Ke8 38. g5 Ke7 39. Kf4 Bc2 (39... Nb6 {keeps fighting.}) 40. Bc5+ Ke8 41. g6 hxg6 42. fxg6 Ne7 $2 (42... Bd1 43. Bf7+ Kd7) 43. h5 Bd1 44. Bxe7 {h6! would kill now.} Bxh5 {[#]} 45. Bxf6 $1 {[%mdl 512]} Kf8 (45... gxf6 46. g7) 46. Kg5 Bf3 47. e5 {Precision: White = 85%, Black = 52%.} 1-0

[Event "EIWCC 2018"]
[Site "Vysoke Tatry"]
[Date "2018.04.11"]
[Round "4"]
[White "Goryachkina, Aleksandra"]
[Black "Maltsevskaya, Aleksandra"]
[Result "1-0"]
[WhiteElo "2495"]
[BlackElo "2237"]
[Annotator "TA"]
[PlyCount "51"]
[EventDate "2018.??.??"]
[EventType "swiss"]
[EventCountry "SVK"]
[SourceTitle "playchess.com"]
[Source "ChessBase"]
[SourceQuality "1"]

{[%evp 10,51,34,24,75,56,102,87,111,106,104,100,159,157,155,95,154,104,153,155,162,150,151,151,151,159,134,143,242,231,236,237,5369,5082,1441,404,29991,29992,29996,1050,1828,1386,1657,1498]} 1. e4 c5 2. Nf3 e6 3. d4 cxd4 4. Nxd4 a6 5. Nc3 Nc6 6. Bf4 {LiveBook: 119 Games. B46: Sicilian: Taimanov: 5 Nc3 a6} (6. Nxc6 bxc6 7. Bd3 d5 8. O-O Nf6 9. Qf3 Be7 10. Qg3 O-O 11. Bh6 Ne8 12. Bf4 Bh4 13. Qf3 Bg5 14. Na4 Qf6 15. Bxg5 Qxg5 16. Nb6 Rb8 17. Nxc8 Rxc8 18. Bxa6 {1-0 (33) Kramnik,V (2800)-Andreikin,D (2712) Moscow 2018}) 6... Nxd4 (6... d6 $11) 7. Qxd4 $16 Ne7 8. O-O-O {White is better.} Nc6 9. Qe3 e5 $146 ({Find the theoretical novelty and annotate with similar games:} 9... b5 10. Qg3 h6 11. h4 g5 12. hxg5 Rg8 13. gxh6 Rxg3 {1-0 (35) Kontic,D (2382)-Soskic,B (2195) Belgrade 2007}) 10. Bg5 Bc5 (10... f6 $142) 11. Qxc5 Qxg5+ 12. f4 (12. Kb1 $142) 12... Qe7 (12... Qxf4+ $142 13. Kb1 d6 14. Qxd6 Be6) 13. Qf2 exf4 14. Nd5 $1 {[%cal Rd5e7]} Qd8 15. e5 $1 ({Don't take} 15. Qxf4 $6 d6 $14) 15... O-O 16. Qxf4 Ne7 17. Nxe7+ $1 Qxe7 18. Bd3 $36 {[%mdl 2048] White is in control.} g6 (18... a5 $16 {was called for.} 19. Rhf1 a4) 19. h4 $18 {Threatens to win with h5.} b5 20. h5 $1 Re8 $2 (20... Bb7 21. Qh6 Bxg2) 21. hxg6 fxg6 {[#]} 22. Be4 (22. Bxg6 $142 $1 {[%mdl 512]} hxg6 23. Rd6) 22... Ra7 (22... d5 $18) 23. Bd5+ Kh8 {[#]} 24. Qd4 (24. Rxh7+ $142 $1 {[%mdl 512]} Kxh7 (24... Qxh7 25. Qf6+) 25. Rh1+ Qh4 26. Rxh4+ Kg7 27. Qh6#) 24... d6 25. exd6+ Qg7 {[#]} 26. Rxh7+ $1 {[%mdl 512] Precision: White = 64%, Black = 21%.} 1-0

[Event "EIWCC 2018"]
[Site "Vysoke Tatry"]
[Date "2018.04.11"]
[Round "4"]
[White "Khotenashvili, Bela"]
[Black "Mamedjarova, Zeinab"]
[Result "1-0"]
[WhiteElo "2484"]
[BlackElo "2355"]
[Annotator "TA"]
[PlyCount "99"]
[EventDate "2018.??.??"]
[EventType "swiss"]
[EventCountry "SVK"]
[SourceTitle "playchess.com"]
[Source "ChessBase"]
[SourceQuality "1"]

{[%evp 21,99,-2,-5,-21,-8,-21,-26,-20,-7,-16,-16,-24,-20,-37,0,-22,-23,-37,0,0,2,11,85,108,165,152,150,134,135,114,127,127,117,95,89,109,96,21,21,24,22,28,68,61,197,111,412,113,454,170,454,447,922,922,815,757,12841,472,449,429,652,616,892,1013,922,890,977,931,5215,2475,12839,12840,29992,29993,29994,29995,29995,29996,29997,29998]} 1. d4 d5 2. Bf4 e6 3. e3 Bd6 4. Nf3 Nf6 5. Nbd2 O-O 6. Bd3 c5 7. Bg3 Nc6 8. c3 Qe7 9. Ne5 Nd7 10. f4 f6 {D02: 1 d4 d5 2 Nf3 sidelines, including 2...Nf6 3 g3 and 2...Nf6 3 Bf4} 11. Nxd7 (11. Nef3 e5 12. dxc5 Bxc5 13. Be2 Bxe3 14. fxe5 fxe5 15. Nf1 d4 16. Nxe3 dxe3 17. O-O Nf6 18. Bc4+ {½-½ (46) Batsiashvili,N (2502)-Sebag,M (2492) Riadh 2017}) 11... Bxd7 {LiveBook: 3 Games} 12. Qc2 g6 $146 {The position is equal.} ({Predecessor:} 12... h6 13. dxc5 Bxc5 14. e4 Rfe8 15. O-O-O a6 16. exd5 exd5 17. Rde1 Qd8 18. Bg6 Rxe1+ 19. Rxe1 {1-0 (29) Cherepanova,E (1629)-Kucharska,H (1223) Mamaia 2017}) 13. dxc5 Bxc5 14. Bf2 a5 15. O-O f5 16. a3 {[%cal Ba2a3,Ba3b4,Bb4b5][%mdl 32]} Rfc8 17. Rae1 Rab8 18. b4 Bb6 {[%cal Ra5b4]} 19. Qb3 Nd8 20. c4 axb4 21. axb4 dxc4 (21... Nf7 $11 {keeps the balance.}) 22. Nxc4 $16 Bc7 (22... Ba7 $16 {was worth a try.}) 23. b5 $18 b6 24. e4 fxe4 25. Bxe4 Nb7 26. Bxb7 ({Much worse is} 26. Nxb6 $6 Bxb6 27. Bxb6 Nc5 $11) 26... Rxb7 27. Bd4 Rf8 28. Re4 Rf5 29. Ne5 ({White should play} 29. Ne3 $16 Rxb5 30. Qd3) 29... Bxe5 $1 $11 30. Rxe5 Rxe5 31. fxe5 Be8 32. Be3 Rb8 {[#]} (32... Ra7 $14 33. Bh6 Bf7) 33. h3 ({Better is} 33. Bh6 $1 $18 {Qxe6+! would kill now.} Bd7 34. Qa4) 33... Bf7 $2 {[%mdl 8192] [#]} (33... Bd7 $16 {is a better chance.}) 34. Kh1 $2 (34. Bh6 $1 $18 {is the precise move to win.} Rd8 35. Qf3) 34... Qc7 $2 {[%mdl 8192]} (34... h5 $16 35. Qc4 Qd8) 35. Qb2 $2 (35. Bh6 Qc5 36. Qf3) 35... Qd7 $2 (35... h5 36. Kg1 Rb7) 36. Qf2 Rb7 (36... Qe7 $142 37. Bxb6 Rc8) 37. Bh6 $18 {White threatens Qf6 and mate.} Qd8 38. Rc1 Rb8 39. Kh2 (39. Rc7 $142 Qe8 40. Qf6 Qf8 41. Bxf8 Rxf8 42. Kh2 h6 43. Kg3 h5 44. Kf4) 39... g5 40. Rc6 Qe7 (40... g4 $142 41. hxg4 Qe7) 41. Qg3 Bg6 42. Bxg5 Qd7 43. Bh6 Qd3 44. Qg5 Qd8 45. Qg4 Qd7 46. Rxe6 Qd3 47. Rf6 {White mates.} Kh8 48. Qf4 Rg8 49. Rf8 {[%cal Rf4f6]} Bf5 50. Qg5 {Precision: White = 44%, Black = 22%.} 1-0

[Event "EIWCC 2018"]
[Site "Vysoke Tatry"]
[Date "2018.04.11"]
[Round "4"]
[White "Pogonina, Natalija"]
[Black "Arda, Cagil Irmak"]
[Result "1-0"]
[WhiteElo "2474"]
[BlackElo "2199"]
[Annotator "TA"]
[PlyCount "93"]
[EventDate "2018.??.??"]
[EventType "swiss"]
[EventCountry "SVK"]
[SourceTitle "playchess.com"]
[Source "ChessBase"]
[SourceQuality "1"]

{[%evp 18,93,28,13,45,41,29,37,49,23,30,10,95,102,116,113,122,110,118,117,107,109,116,107,117,109,116,114,116,108,98,87,100,86,138,142,135,152,133,99,146,151,302,328,306,329,391,291,410,407,422,406,409,403,421,395,462,389,465,455,665,658,654,654,654,651,687,687,1075,975,5197,6095,29979,29980,29978,29978,29998,29999]} 1. d4 Nf6 2. c4 e6 3. g3 d5 4. Nf3 dxc4 5. Bg2 Bd7 6. Ne5 Bc6 7. Nxc6 Nxc6 8. e3 Qd7 {E04: Open Catalan: 5 Nf3} 9. O-O Rd8 10. Nc3 {LiveBook: 5 Games} a6 {The position is equal.} 11. Qe2 b5 12. a4 Nb4 13. axb5 axb5 {[#]} 14. Ra7 $146 ({Predecessor:} 14. b3 cxb3 15. Nxb5 Be7 16. Ra7 {1-0 (60) Halkias,S (2571)-Moiseenko,A (2667) Riadh 2017}) 14... Nbd5 {[#]} (14... Be7 $11) 15. e4 $1 $16 {[%cal Re4d5]} Nxc3 16. bxc3 Be7 17. Bf4 Rc8 18. Rb1 O-O 19. Rb7 b4 20. Qxc4 bxc3 21. h3 Rfd8 22. Be3 ({But not} 22. Qxc3 Qxd4 23. Qxd4 Rxd4 $14) 22... Qe8 23. Qxc3 c6 24. Qc4 Bf8 25. Kh2 Nd7 {[#]} (25... h6 $142 26. Kg1 Rd7) 26. Bg5 $1 {[%cal Rg5d8]} Be7 27. Bxe7 Qxe7 28. Ra1 Qe8 29. Raa7 $36 {[%mdl 2048] Black is under strong pressure.} Nf6 $2 (29... c5 $16 {is a better defense.}) 30. Re7 $18 Qf8 31. f4 Re8 32. Reb7 c5 (32... g6 {was worth a try.} 33. f5 Qh6 34. Rxf7 gxf5 35. exf5 Ng4+ 36. Kg1 Ne3) 33. Rxf7 Qxf7 34. Rxf7 Kxf7 35. dxc5 {[%cal Bd4c5,Bc5c6][%mdl 32]} Kf8 36. g4 e5 37. fxe5 Rxe5 38. c6 Rc7 (38... Ne8 $142 39. Qd4 Re7 40. Qf2+ Kg8) 39. Qd4 Ree7 40. e5 Ne8 41. h4 g6 42. h5 gxh5 43. gxh5 h6 44. Bd5 Rh7 45. Qb4+ {White mates.} Rce7 46. Qf4+ Kg7 47. Qg4+ {Precision: White = 73%, Black = 25%.} 1-0

[Event "EIWCC 2018"]
[Site "Vysoke Tatry"]
[Date "2018.04.11"]
[Round "4"]
[White "Socko, Monika"]
[Black "Gara, Ticia"]
[Result "1/2-1/2"]
[WhiteElo "2471"]
[BlackElo "2330"]
[Annotator "TA"]
[PlyCount "141"]
[EventDate "2018.??.??"]
[EventType "swiss"]
[EventCountry "SVK"]
[SourceTitle "playchess.com"]
[Source "ChessBase"]
[SourceQuality "1"]

{[%evp 19,141,0,-8,-12,-6,0,0,-2,0,0,3,0,0,-1,0,0,12,0,0,0,0,0,0,0,0,0,36,39,37,27,37,39,40,10,74,75,80,74,84,31,29,18,42,0,0,0,0,0,18,0,0,0,0,0,37,0,0,0,6,12,0,0,101,109,106,108,163,144,119,81,77,0,0,0,0,0,0,0,0,0,100,111,125,125,104,125,114,118,172,125,104,95,216,241,255,254,268,199,191,192,206,192,258,258,254,239,254,0,0,0,0,0,0,0,0,0,0,0,0,0,0,0,0,0]} 1. d4 Nf6 2. c4 g6 3. Nf3 Bg7 4. g3 O-O 5. Bg2 c6 6. O-O d5 7. Ne5 Nbd7 8. Nxd7 Bxd7 9. cxd5 cxd5 10. Nc3 e6 11. Bf4 {D79: Fianchetto Grünfeld: Symmetrical Variation (6 0-0 c6 7 cxd5 cxd5)} Qb6 12. Qd2 Nh5 $146 ({Predecessor:} 12... Rac8 13. Be5 Ne8 14. Bxg7 Kxg7 15. Rfc1 Nd6 16. b3 Nb5 17. Nxb5 Qxb5 18. e3 Qb6 {½-½ (40) Kleschtschow,J (2151)-Scheurer,U (2150) Germany 2001}) 13. Be3 f5 14. Rfd1 Qd6 15. Bg5 Rac8 16. Bf3 Nf6 17. Bf4 Qb6 18. Be5 Ne4 19. Bxe4 fxe4 20. Bxg7 Kxg7 21. Kg2 Rf5 22. f3 exf3+ 23. exf3 Rcf8 24. Rf1 g5 25. Rae1 h6 26. Rf2 a6 (26... R5f6 $11 {remains equal.}) 27. Nd1 $16 h5 28. Ne3 R5f6 {[#]} 29. b3 (29. Nc2 $1 $16) 29... g4 $14 {[%cal Rg4f3]} 30. f4 Be8 31. f5 Bg6 32. Kg1 Bxf5 33. Ng2 Qc7 34. Nf4 Qf7 35. Re5 Rd8 36. Qe3 Rd6 37. Ng2 {[%mdl 1024] White has compensation.} Qg6 38. Qe1 Qf7 39. Nf4 Kg8 40. Rfe2 {White wants to play Nxd5!} Qd7 (40... Rc6 $11) 41. Nxh5 $16 Rh6 42. Nf4 Kf7 (42... Rf6 $16) 43. Rf2 Rf6 44. Qe3 Qc8 45. Nd3 (45. Nh5 $16 Rg6 46. Qd2) 45... Bxd3 $1 $11 46. Rxf6+ Kxf6 47. Qxd3 {[%mdl 4096] Endgame KQR-KQR} Qc1+ 48. Kg2 Rc6 49. Re2 $36 {[%mdl 2048] [#] Strongly threatening Qh7. White is pushing.} Rc3 (49... Qh6 $11 {keeps the balance.} 50. Qd1 Ke7) 50. Rf2+ $16 Ke7 51. Qh7+ Kd6 52. Qxb7 {White threatens Qb6+ and mate.} Rc2 53. Qxa6+ Ke7 (53... Kd7 $16) 54. Qb7+ Kd6 55. Qf7 Rxf2+ (55... Qb2 $16) 56. Qxf2 {Hoping for Qf4+. KQ-KQ} Qb1 57. Qe2 Ke7 58. h3 ({Don't do} 58. Qxg4 $6 Qxa2+ 59. Kh3 Qxb3 $16) 58... gxh3+ 59. Kxh3 Qh1+ 60. Kg4 Qa1 (60... Qb1 {was worth a try.}) 61. Qd2 $18 Qb1 62. Kh5 Qh7+ 63. Kg5 $2 (63. Qh6 $18 Qb1 64. Qg7+ Kd6 65. Qe5+ Kd7 66. g4) 63... Qf5+ $11 {The position is equal.} 64. Kh6 Qh3+ 65. Kg6 {Threatens to win with Qf4.} Qf5+ 66. Kg7 Qf8+ 67. Kh7 {Black must now prevent Qb4+.} Qf5+ 68. Kh6 Qh3+ 69. Kg6 {aiming for Qf4.} Qf5+ 70. Kg7 {And now Qf4 would win.} Qf8+ 71. Kg6 {Precision: White = 65%, Black = 53%.} 1/2-1/2

[Event "EIWCC 2018"]
[Site "Vysoke Tatry"]
[Date "2018.04.11"]
[Round "4"]
[White "Girya, Olga"]
[Black "Nemcova, Karin"]
[Result "1-0"]
[WhiteElo "2470"]
[BlackElo "1992"]
[Annotator "TA"]
[PlyCount "53"]
[EventDate "2018.??.??"]
[EventType "swiss"]
[EventCountry "SVK"]
[SourceTitle "playchess.com"]
[Source "ChessBase"]
[SourceQuality "1"]

{[%evp 15,53,13,39,22,32,38,32,16,17,17,35,16,45,0,45,18,33,30,18,19,45,46,86,83,112,106,110,105,383,377,537,525,534,487,1433,1289,4994,2247,4994,1470]} 1. d4 Nf6 2. c4 e6 3. Nf3 d5 4. Nc3 Bb4 5. Qa4+ Nc6 6. e3 O-O 7. Qc2 {D38: Queen's Gambit Declined: Ragozin Defence (4 Nf3 Bb4)} (7. a3 Bxc3+ 8. bxc3 Bd7 9. Qc2 Na5 10. cxd5 exd5 11. Bd3 Re8 12. O-O c5 13. dxc5 Rc8 14. a4 Rxc5 {1-0 (39) Yu,Y (2751)-Harikrishna,P (2744) Huaian 2017}) 7... Re8 8. Bd2 e5 {LiveBook: 3 Games. White must now prevent ...exd4.} (8... b6 {is interesting.} 9. Be2 Bb7 10. O-O dxc4 11. Bxc4 Ne7) 9. dxe5 {White is slightly better.} Nxe5 10. cxd5 Bxc3 11. Bxc3 Nxf3+ 12. gxf3 {And now Rg1 would win.} Qxd5 13. Rg1 Bf5 14. Qa4 {[#] Threatens to win with Bxf6.} Rad8 $146 ({Of course not} 14... Qxf3 $6 15. Be2 $16) ({Predecessor:} 14... Bg6) 15. Be2 Qe6 16. Qxa7 Bd3 17. Qa4 {Hoping for Bxf6.} Bxe2 18. Qh4 Rd6 19. Kxe2 Qf5 20. Qg5 $40 {[%csl Gg1][%cal Rg5g7][%mdl 128] White attacks with force.} Qc2+ {[#]} 21. Kf1 $1 {[%csl Gg1][%cal Rg5g7]} g6 $2 {[%mdl 8192]} (21... Qd3+ $16 {keeps fighting.} 22. Ke1 Qg6) 22. Bxf6 $18 Rd2 (22... Qc6 {was called for.} 23. Bc3 Qxf3) 23. Qg3 {White is clearly winning.} Rxe3 24. Bc3 Rxf2+ (24... Rde2 $142 25. a3 Re6) 25. Qxf2 Qd3+ 26. Kg2 Re2 {[#]} 27. Rad1 $1 {Precision: White = 79%, Black = 26%.} 1-0

[Event "EIWCC 2018"]
[Site "Vysoke Tatry"]
[Date "2018.04.11"]
[Round "4"]
[White "Paehtz, Elisabeth"]
[Black "Mammadzada, Gunay"]
[Result "1/2-1/2"]
[WhiteElo "2468"]
[BlackElo "2392"]
[Annotator "TA"]
[PlyCount "121"]
[EventDate "2018.??.??"]
[EventType "swiss"]
[EventCountry "SVK"]
[SourceTitle "playchess.com"]
[Source "ChessBase"]
[SourceQuality "1"]

{[%evp 22,121,9,10,20,12,56,41,31,21,76,58,69,65,125,78,79,56,103,70,70,42,47,42,83,93,208,57,70,81,114,107,108,101,120,116,117,107,106,118,112,104,152,141,129,105,100,23,55,0,0,0,0,0,2,0,26,0,0,0,0,0,0,0,0,0,0,0,0,0,0,0,0,0,0,0,0,0,0,0,0,0,0,0,0,0,0,0,0,0,0,0,0,0,0,0,0,0,0,0,0,0]} 1. e4 c5 2. Nf3 d6 3. d4 cxd4 4. Nxd4 Nf6 5. Nc3 a6 6. g3 Bd7 7. Bg2 Nc6 8. O-O e6 9. Be3 Be7 10. f4 O-O {B80: Sicilian Scheveningen: 6 g3 and 6 Be3, including English Attack} 11. Nb3 b5 12. a3 {LiveBook: 4 Games} Rc8 13. g4 g6 {[#]} 14. Kh1 $146 ({Predecessor:} 14. g5 Nh5 15. Qd2 Re8 16. Rad1 Bf8 17. Qf2 b4 18. Na4 bxa3 19. bxa3 {0-1 (57) Guseinov,G (2631)-Kobalia,M (2651) Khanty-Mansiysk 2013}) 14... Ne8 15. Qd2 Qc7 (15... g5 $11 {keeps the balance.}) 16. Rad1 Rd8 17. Qf2 Qb8 (17... Rb8 $14) 18. f5 Ne5 19. h3 {Bh6 is the strong threat.} f6 20. fxe6 Bxe6 21. Nd5 Bxd5 $1 22. exd5 Ng7 23. Nd4 f5 (23... Rde8 $16 {was worth a try.}) 24. Qg3 $2 (24. gxf5 Nxf5 25. Nc6 (25. Nxf5 Rxf5 26. Qe2 Rdf8 $11) 25... Bh4 $11) ({Only move:} 24. Nc6 $18 Nxc6 25. dxc6) 24... Qc8 $14 {[%cal Rf5g4]} 25. Nc6 Rde8 26. Nxe5 dxe5 27. d6 Bxd6 28. Rxd6 f4 29. Qe1 {[#] Strongly threatening Bd2.} (29. Bd5+ $6 Kh8 $11) 29... fxe3 30. Rxf8+ Rxf8 31. Rc6 Qd7 32. Qxe3 Re8 33. Qb3+ ({Resist} 33. Rxa6 Qd1+ 34. Kh2 (34. Qg1 Qxc2 35. Rf6 e4 $14) 34... Qxc2 $14) 33... Kh8 34. Qc3 (34. Qd5 $16 Qe7 35. Qe4 (35. Rxa6 e4 $14)) 34... e4 $11 {[#] And now ...e3 would win.} 35. Rc7 (35. Rxa6 e3 $17) (35. Bf1 $14 Qd1 36. Kg1) 35... Qd1+ 36. Kh2 {[%csl Gc7][%cal Rc3g7]} Qd6+ 37. Kg1 {[%csl Gc7][%cal Rc3g7]} Qf8 38. Qe3 Ne6 39. Rd7 Qf4 {The position is equal.} 40. Qe1 Qe5 41. Qe3 ({Of course not} 41. Qxe4 Qxe4 42. Bxe4 Nc5 $17) 41... Qf4 42. Qe1 e3 43. Qc3+ $1 Kg8 44. Bd5 $1 {[%csl Gd7][%cal Rc3g7]} Qg3+ 45. Kh1 {[%csl Gd7][%cal Rc3g7]} Qxh3+ 46. Kg1 {[%csl Gd7][%cal Rc3g7]} Qxg4+ 47. Kh2 $1 {[%csl Gd7][%cal Rc3g7]} Qh4+ 48. Kg2 {[%csl Gd7][%cal Rc3g7]} Qg5+ 49. Kh2 {[%csl Gd7][%cal Rc3g7]} Qh6+ 50. Kg2 Qg5+ 51. Kh2 {[%csl Gd7][%cal Rc3g7]} Qf4+ 52. Kg2 {[%csl Gd7][%cal Rc3g7]} Qg4+ 53. Kh2 $1 {[%csl Gd7][%cal Rc3g7]} Qh4+ 54. Kg2 {[%csl Gd7][%cal Rc3g7]} Qg5+ 55. Kh2 {[%csl Gd7][%cal Rc3g7]} Qh6+ 56. Kg2 e2 {Threatens to win with ...Qf8.} 57. Bxe6+ Rxe6 58. Rd8+ Kf7 59. Rd7+ Kg8 60. Rd8+ Kf7 61. Rd7+ {Precision: White = 60%, Black = 48%.} 1/2-1/2

[Event "EIWCC 2018"]
[Site "Vysoke Tatry"]
[Date "2018.04.11"]
[Round "4"]
[White "Javakhishvili, Lela"]
[Black "Ziaziulkina, Nastassia"]
[Result "0-1"]
[WhiteElo "2467"]
[BlackElo "2363"]
[Annotator "TA"]
[PlyCount "80"]
[EventDate "2018.??.??"]
[EventType "swiss"]
[EventCountry "SVK"]
[SourceTitle "playchess.com"]
[Source "ChessBase"]
[SourceQuality "1"]

{[%evp 24,80,23,0,37,29,44,19,68,23,43,42,45,10,25,0,8,-14,-12,-28,7,-102,-86,-108,-114,-195,-185,-173,-166,-296,-300,-302,-165,-168,-119,-139,-142,-129,-128,-112,-87,-149,-147,-197,-186,-206,-171,-239,-237,-228,-233,-242,-249,-239,-252,-457,-429,-598,-460]} 1. Nf3 d5 2. c4 c6 3. d4 Nf6 4. Nc3 e6 5. g3 dxc4 6. Bg2 Nbd7 7. O-O Be7 8. e4 O-O 9. Bf4 Re8 10. a4 a5 11. Qe2 {E07: Closed Catalan: Main Line (5 Nf3 0-0 6 0-0 Nbd7)} b6 12. Nd2 Ba6 13. Rfd1 {LiveBook: 16 Games. White has an edge.} Nf8 (13... Bf8 14. Nxc4 Nd5 15. Bd2 Nb4 16. Be1 e5 17. d5 Qf6 {½-½ (69) Le,Q (2726)-Gao,R (2543) China 2017}) 14. Nxc4 Ng6 15. Bc1 $146 ({Find the theoretical novelty and annotate with similar games:} 15. Be3 Rc8 16. b3 Bb4 17. Na2 Nd5 18. exd5 cxd5 19. Nxb4 axb4 20. Qd2 dxc4 21. Qxb4 Ne7 22. Bf1 Qd5 23. Bg2 Qd8 24. Bf1 Qd5 25. Bg2 {½-½ (25) Lalith,B (2481)-Adhiban,B (2515) New Delhi 2010}) 15... Bb4 16. Na2 Bf8 17. Bg5 Rc8 18. b3 h6 19. Bc1 b5 20. Ne5 Nxe5 21. dxe5 Nd7 $1 22. Bb2 (22. Be3 $11 {keeps the balance.}) 22... Qc7 $17 23. Rac1 Qb7 {White must now prevent ...bxa4.} 24. Qc2 (24. Bf1 $17) 24... Red8 25. Bf1 {[#]} b4 $1 26. Rd2 (26. Bxa6 $142 Qxa6 27. Rd2) 26... Bxf1 $19 27. Kxf1 Qa6+ (27... c5 $142 {Strongly threatening ...c4!} 28. Qd1 c4 29. Rxc4 Rxc4 30. bxc4 Qxe4) 28. Kg2 Nb8 29. Rcd1 Rxd2 30. Rxd2 c5 {[%cal Bc6c5,Bc5c4][%mdl 32]} 31. Nc1 Be7 ({Much less strong is} 31... c4 32. bxc4 Qc6 33. Nb3 $11) 32. h4 (32. Qd3 $142) 32... Qc6 $17 ({Much worse is} 32... c4 $6 33. bxc4 Qc6 34. f4 $15) 33. f3 {[#]} Nd7 $1 34. Ne2 Nb6 35. Rd1 (35. Nc1 {is a better defense.}) 35... c4 $19 36. Nd4 Qc5 37. Kh3 Rd8 {aiming for ...c3.} 38. bxc4 Qxc4 39. Rd2 $2 (39. Rc1 {was the only defense.} Qxc2 40. Rxc2) 39... b3 40. Qc3 Bb4 {Precision: White = 32%, Black = 67%.} 0-1